000 00629cam a22002411 4500
001 sa 68001667
003 DLC
005 20260227112435.0
008 891103m19621966ii 000 0 malo
010 _asa 68001667
035 _a(OCoLC)20592539
040 _aDLC
_cWaU
_dDLC
043 _aa-ii---
050 0 0 _aPL4718.05
_b.M8
100 1 _aMuṇṭaśśēri, Jōsaph,
_d1903-1977.
245 1 0 _aVāyanaśālayil.
260 _c1962-66.
300 _av.
_c18 cm.
500 _aAdded t. p. in English.
500 _aIn Malayalam.
650 0 _aMalayalam literature
_xHistory and criticism.
650 0 _aBooks
_xReviews.
999 _c78135
_d78135